00322nam a2200121Ia 4500008004100000041000800041082001400049100001600063245004500079260003900124300003000163365000700193240624s9999 xx 000 0 und d aeng a650.1 LAN aLANGDON KEN aCULTIVATE A COOL CAREER GUERRILLA TACTIC c2006aNew DelhibPearson Education axx, : 221 : p. : cm. ; 20 cRS